|
|
|
|
| LEADER |
01147nam a2200277 a 4500 |
| 001 |
AAL1375 |
| 003 |
BD-DhAAL |
| 005 |
20160210170259.0 |
| 008 |
150208s1994 nyu b 000 0 eng |
| 010 |
|
|
|a 93033417
|
| 020 |
|
|
|a 0070541620 (alk. paper)
|
| 040 |
|
|
|a DLC
|c DLC
|d DLC
|d BD-DhAAL
|
| 050 |
0 |
0 |
|a E840
|b .A638 1994
|
| 082 |
0 |
0 |
|a 327.73
|2 20
|
| 999 |
|
|
|c 33613
|d 33613
|
| 999 |
|
|
|c 33613
|
| 245 |
0 |
0 |
|a America's national interest in a post-Cold War world :
|b issues and dilemmas /
|c [edited by] Alvin Z. Rubinstein.
|
| 260 |
|
|
|a New York :
|b McGraw-Hill,
|c c1994.
|
| 300 |
|
|
|a xv, 309 p. ;
|c 24 cm.
|
| 504 |
|
|
|a Includes bibliographical references (p. 309).
|
| 541 |
|
|
|e 1375
|
| 651 |
|
0 |
|a United States
|x Foreign relations
|y 1989-
|9 8081
|
| 700 |
1 |
|
|a Rubinstein, Alvin Z.
|9 8082
|
| 942 |
|
|
|2 ddc
|c BK
|
| 952 |
|
|
|0 0
|1 0
|2 ddc
|4 0
|6 327_730000000000000_AME
|7 0
|9 52504
|a SCL
|b SCL
|c GEN
|d 2015-02-08
|e Gift: The Asia Foundation
|l 0
|o 327.73 AME
|p 3020001375
|r 2015-02-08
|t 1
|w 2015-02-08
|y BK
|
| 952 |
|
|
|0 0
|1 0
|2 ddc
|4 0
|6 327_730000000000000_AME
|7 0
|9 52640
|a SCL
|b SCL
|c GEN
|d 2015-02-15
|e Gift: The Asia Foundation
|l 0
|o 327.73 AME
|p 3020000084
|r 2015-02-15
|t 2
|w 2015-02-15
|y BK
|